00467nam a2200181Ia 4500003000400000005001700004008004100021020002200062040000700084041000800091082002100099100001800120245007000138260002900208300001200237365001400249650002200263OSt20230331145446.0210423s2017 xx 000 0 und d a978-81-7436-979-6 cAL aeng a940.4 223bKANI aKANT (Vedica) aIndia and the first world war: if I die here who will remember me aLondonbRoli Booksc2017 a255bHB b2495cINR aHistory of Europe